000 00456nam a2200157 i 4500
001 93694
003 ES-MaACL
005 20230906181309.0
007 t|
008 050418s1968 sp ||||1| spa d
100 1 _aLópez García, Benito.
_973657
245 1 0 _aTratado de Pedagogía /
_cpor Benito López García.
260 _aLugo :
_b[s.n.],
_c1968 (
_fImp. A. Fernández)
300 _a2 v. :
_bil. ;
_c23 cm.
852 _aES-MaACL
_jC-54846-7
_bR.67771
999 _c93694
_d93694